Gestão do conhecimento e aprendizagem : (Record no. 938)

MARC details
000 -LÍDER
Campo Fixo de Controle 00820nam a2200241 a 4500
001 - NÚMERO DE CONTROLE
Campo de Controle 938
003 - IDENTIFICAÇÃO DO NÚMERO DE CONTROLE
Campo de Controle BR-CuiBMT
005 - DATA E HORA DA ÚLTIMA ATUALIZAÇÃO
Campo de Controle 20231123195536.0
008 - DADOS FIXOS
Dados Fixos 231122s2006 scba 000 0 por d
020 ## - INTERNATIONAL STANDARD BOOK NUMBER
Nº do ISBN 8575021923
040 ## - AGÊNCIA CATALOGADORA
Código da Agência Catalogadora BR-CuiBMT
Agência que transcreveu o registro BR-CuiBMT
080 ## - Nº DA CLASSIFICAÇÃO DECIMAL UNIVERSAL
Nº edição CDU 2007
Nº Class. CDU 658:001.101
090 ## - NÚMERO DE CHAMADA
Nº classificação 658:001.101
Cutter G393
245 00 - TÍTULO PRINCIPAL
Título principal Gestão do conhecimento e aprendizagem :
Subtítulo as estratégias competitivas da sociedade pós-industrial /
Indicação de responsabilidade Francisco Antônio Pereira Fialho ... [et al.].
260 ## - PUBLICAÇÃO, DISTRIBUIÇÃO, ETC.
Local de publicação Florianópolis :
Editora Visual Books,
Data 2006.
300 ## - DESCRIÇÃO FÍSICA
N. páginas ou volumes 196 p. :
Ilustrações il. ;
Dimensões 23 cm
504 ## - NOTA DE BIBLIOGRAFIA, ETC.
Nota de bibliografia Inclui bibliografia.
650 ## - ASSUNTO TÓPICO
Cabeçalho tópico ou nome geográfico Gestão do conhecimento
650 ## - ASSUNTO TÓPICO
Cabeçalho tópico ou nome geográfico Aprendizagem organizacional
650 ## - ASSUNTO TÓPICO
Cabeçalho tópico ou nome geográfico Planejamento empresarial
700 1# - ENTRADA SECUNDÁRIA -- NOME PESSOAL
Nome pessoal Fialho, Francisco Antonio Pereira,
Datas associadas ao nome 1951-
Cód. do termo explicativo et al.
942 ## - ELEMENTOS DE ENTRADA ADICIONAIS (KOHA)
Fonte de classificação ou esquema de arquivamento Classificação Decimal Universal
Tipo de item do Koha Livros
Holdings
Estado: removido Estado: perdido Fonte de classificação ou esquema de arquivamento Estado: danificado Indisponível para empréstimo Localização permanente Localização atual Data de aquisição Total Checkouts Número de Chamada completo Código de barras Date last seen Número do exemplar Preço efetivo a partir de Tipo de item (Koha)
    Classificação Decimal Universal     Biblioteca da Escola Superior de Contas do TCE/MT Biblioteca da Escola Superior de Contas do TCE/MT 23/11/2023   658:001.101 G393 BIBTCEMT23110980 23/11/2023 Ex. 1 23/11/2023 Livros
    Classificação Decimal Universal     Biblioteca da Escola Superior de Contas do TCE/MT Biblioteca da Escola Superior de Contas do TCE/MT 27/11/2023   658:001.101 G393 BIBTCEMT23111132 27/11/2023 Ex. 2 27/11/2023 Livros
    Classificação Decimal Universal     Biblioteca da Escola Superior de Contas do TCE/MT Biblioteca da Escola Superior de Contas do TCE/MT 27/11/2023   658:001.101 G393 BIBTCEMT23111133 27/11/2023 Ex. 3 27/11/2023 Livros

Powered by Koha